000 00472nam a22001457a 4500
008 150304b xxu||||| |||| 00| 0 eng d
050 _aQA248.3.D5 1964
100 _aDinkines, Flora
_915757
245 _aElementary theory of sets:
_bpart 1 of elementary concepts of modern mathematics
260 _aNew York
_bMeredith
_c1964
300 _aviii, 237p.
_c21cm.
650 _aSet theory
_913923
650 _aArithmetic
_xFoundations
_914267
942 _2lcc
_cMONOGRAPH
999 _c122268
_d122268